| 000 | 00707nam a2200169 a 4500 | ||
|---|---|---|---|
| 001 | 000028143 | ||
| 005 | 20200930031402.0 | ||
| 008 | 110407s1981 dr 000 0 spa d | ||
| 040 |
_aDO-SdBNP _bspa _cBNPHU |
||
| 082 |
_axxxx _bF363e |
||
| 100 | 1 |
_aFernández, Aleyda _955145 |
|
| 245 | 1 | 0 |
_aEnrique Jiménes Moya : _bcomandante de la libertad / _cAleyda Fernández. |
| 260 |
_aSanto Domingo : _bFundación Testimonio, _c1981. |
||
| 300 |
_a18 p. ; _c20 cm. |
||
| 500 | _aTrabajo publicado el 14 de mayo de 1979 en " El Sol". Ganó el 3er. Premio del concurso periodistico auspiciado por la Fundación Héroes de Constanza, Maimón y Estero hondo, al cumplirse el 20 aniversario de la gesta. | ||
| 049 | _aBNPD | ||
| 999 |
_c27635 _d27635 |
||